| 000 | 00501nam a2200157 i 4500 | ||
|---|---|---|---|
| 001 | 47540 | ||
| 003 | ES-MaACL | ||
| 007 | t| | ||
| 008 | 030505s1968 cu ||||1| spa d | ||
| 080 | _a821.134.2(729.1)-14"19" | ||
| 100 | 1 |
_aDiego, Eliseo. _944539 |
|
| 245 | 1 | 0 |
_aMuestrario del mundo o libro de las maravillas de BoloƱa _b: La Habana 1836-1967 / _cEliseo Diego. |
| 260 |
_aLa Habana : _bInstituto del Libro, _c1968. |
||
| 300 |
_a153 p. : _bil. ; _c22 cm. |
||
| 852 |
_aES-MaACL _jG-6004 _bR.132495 |
||
| 999 |
_c47540 _d47540 |
||